000 00682nam a2200265Ia 4500
003 OSt
005 20221007073558.0
006 a|||||r|||| 00| 0
007 ta
008 221006b |||||||| |||| 00| 0 eng d
020 _a817012722X
024 _a6,127
037 _cTextual
040 _aFLL
_cFLL
_beng
041 _2eng
_aeng
082 _aZ2,94, P2
100 _aSarathi V.P.
245 0 _aLaw of evidence
250 _a4th
260 _aLucknow
_bEastern Book Company India
_c2004
300 _acviii,359p
_ccm.
500 _aReplacement copy with 7th edition 2020
942 _hZ2,94, P2
_cTEXL
_2CC
999 _c1149197
_d1149197